Najmniejsze państwa świata - Statystyki

Ogólne statystyki
  • Ten quiz został rozwiązany 2 333 razy
  • Średni wynik to 5 z 10
Statystyki odpowiedzi
Miejsce Powierzchnia Państwo % Poprawnych
1 0,44 km² Watykan
99%
2 1,95 km² Monako
85%
5 61,6 km² San Marino
84%
10 316 km² Malta
52%
6 160 km² Liechtenstein
51%
3 21,3 km² Nauru
48%
4 26 km² Tuvalu
42%
7 181 km² Wyspy Marshalla
30%
9 300 km² Malediwy
26%
8 261 km² Saint Kitts i Nevis
24%
Nie znaleziono quizów pasujących do podanych kryteriów
Rozkład punktacji
Procent ludzi z każdym wynikiem
Percentyl według liczby udzielonych odpowiedzi
Twoja historia wyników
Nie rozwiązałeś tego quizu